|
|
|
|
| LEADER |
00000nab a2200000 a 4500 |
| 001 |
vtls000437307 |
| 003 |
SK-MaSNL |
| 005 |
20260302233612.0 |
| 008 |
160215c1991 xo 0 slo |
| 015 |
|
|
|a SNBRB19rr/mm-uuuuu
|
| 035 |
|
|
|a CL0437435
|
| 040 |
|
|
|a SNKBUCL
|b slo
|c SNKBUCL
|e AACR2
|
| 041 |
0 |
|
|a slo
|
| 044 |
|
|
|a xo
|c SK
|
| 080 |
|
|
|a 75.071.1
|2 1981
|
| 080 |
|
|
|a 929 Záborský, Ladislav
|2 1981
|
| 100 |
1 |
|
|a Thurzo, Igor,
|d 1933-2014
|4 aut
|9 167175
|
| 245 |
1 |
0 |
|a Maliar svetla, pokoja, radosti
|c Igor Thurzo
|
| 300 |
|
|
|b Obr. 1.
|
| 600 |
1 |
7 |
|a Záborský, Ladislav,
|d 1921-2016
|2 snkbucl
|9 165519
|
| 655 |
|
7 |
|a články z novín a časopisov
|2 snkbucl
|9 267496
|
| 773 |
0 |
|
|t Bratislavské listy
|g Roč. 4, č. 12 (1991), s. 18
|
| 850 |
|
|
|a Slovenská národná knižnica v Martine
|a MTA001
|
| 852 |
|
|
|a SNK
|b KIS3GCP
|
| 958 |
|
|
|a BX
|
| 958 |
|
|
|a RK
|
| 992 |
|
|
|a RBX
|
| 999 |
|
|
|c 1547061
|d 1548991
|